| 000 | 00354 a2200145 4500 | ||
|---|---|---|---|
| 999 |
_c12028 _d12028 |
||
| 003 | OSt | ||
| 005 | 20240117165559.0 | ||
| 008 | 240117b ||||| |||| 00| 0 eng d | ||
| 020 | _a9788957702260 | ||
| 082 | _a712 | ||
| 100 | _aArchiworld | ||
| 245 | _aLandscape Architect, Vol.1: Sasaki Associates | ||
| 260 |
_bArchiworld Co,.Ltd _c2008 |
||
| 942 | _2ddc | ||